000 00838naa a22002657u 4500
001 05298
003 HDC
007 cr bn ---aaaaa
008 210119s2001 xx a b 001 0 eng
040 _aHDC
100 _aDawson, Paul L.,
_eauthor
_95534
245 0 _aPackaging /
_cby Sacit F. Bilgili
260 _a[No Place] :
_b[publisher not identified],
_c2001
300 _a24 pages
336 _atext
_2rdacontent
337 _acomputer
_2rdamedia
338 _aonline resource
_2rdacarrier
500 _aOriginal from book
650 _aMeat industry
_92353
650 _aPoultry meat
_95531
856 _zRequest full-text at [email protected]
942 _2lcc
942 _cCHAP
942 _kEBCH 002720
999 _c2622
_d2622